LEADER 00876nam0-22002651i-450- 001 990004297470403321 005 20080513111726.0 035 $a000429747 035 $aFED01000429747 035 $a(Aleph)000429747FED01 035 $a000429747 100 $a19990604d1896----km-y0itay50------ba 101 0 $aita 105 $ay-------001yy 200 1 $aSulla concezione materialistica della storia$eOsservazioni lette all'Accademia Pontaniana nella tornata del 3 maggio 1896$fdal socio Benedetto Croce 210 $aNapoli$cTip. della Regia Universita'$d1896 215 $a24 p.$d22 cm 700 1$aCroce,$bBenedetto$f<1866-1952>$09641 801 0$aIT$bUNINA$gRICA$2UNIMARC 901 $aBK 912 $a990004297470403321 952 $aP.1 9I CROCE 29$bBibl. 20533$fFLFBC 959 $aFLFBC 996 $aSulla concezione materialistica della storia$9489079 997 $aUNINA LEADER 01208nam a2200313 i 4500 001 991001107359707536 005 20020507183411.0 008 990303s1998 de ||| | eng 020 $a3540640665 035 $ab10801923-39ule_inst 035 $aLE01307142$9ExL 040 $aDip.to Matematica$beng 082 0 $a531.382 084 $aAMS 73E50 084 $aAMS 73F20 100 1 $aAlber, Hans-Dieter$061729 245 10$aMaterials with memory :$binitial-boundary value problems for constitutive equations with internal variables /$cHans-Dieter Alber 260 $aBerlin ; Heidelberg ; New York :$bSpringer-Verlag,$cc1998 300 $ax, 166 p. :$bill. ;$c24 cm. 490 0 $aLecture notes in mathematics,$x0075-8434 ;$v1682 500 $aIncludes bibliographical references (p. [153]-163) and index 650 4$aContinuum mechanics 650 4$aInitial value problems 907 $a.b10801923$b23-02-17$c28-06-02 912 $a991001107359707536 945 $aLE013 73E ALB11 (1998)$g1$i2013000115986$lle013$o-$pE0.00$q-$rl$s- $t0$u0$v0$w0$x0$y.i10906101$z28-06-02 996 $aMaterials with memory$9261848 997 $aUNISALENTO 998 $ale013$b01-01-99$cm$da $e-$feng$gde $h0$i1